ბათუმის შოთა რუსთაველის სახელმწიფო უნივერსიტეტის ბიბლიოთეკა

ხილისა და ყურძნის სტანდარტიზაცია (ბიბ.ჩანაწერი № 44659)

000 -LEADER
fixed length control field 00909nam a2200217Ia 4500
001 - CONTROL NUMBER
control field 11462
003 - CONTROL NUMBER IDENTIFIER
control field GE_BSU
008 - FIXED-LENGTH DATA ELEMENTS--GENERAL INFORMATION
fixed length control field 181216s||||||||xx |||||||||||||| ||und||
040 ## - CATALOGING SOURCE
Transcribing agency GE_BSU
080 ## - UNIVERSAL DECIMAL CLASSIFICATION NUMBER
Universal Decimal Classification number 006:634+006:634.8(075.32)
100 ## - MAIN ENTRY--PERSONAL NAME
Personal name ჭანკოტაძე,გ.
245 ## - TITLE STATEMENT
Title ხილისა და ყურძნის სტანდარტიზაცია
245 ## - TITLE STATEMENT
Remainder of title სახელმძღვ. სას.-სამ. ტექნიკუმებისათვის.
245 ## - TITLE STATEMENT
Statement of responsibility, etc. რედ:ტ.ხავთასი.
260 ## - PUBLICATION, DISTRIBUTION, ETC.
Place of publication, distribution, etc. თბილისი
260 ## - PUBLICATION, DISTRIBUTION, ETC.
Name of publisher, distributor, etc. განათლება
260 ## - PUBLICATION, DISTRIBUTION, ETC.
Date of publication, distribution, etc. 1986
300 ## - PHYSICAL DESCRIPTION
Extent 118გვ;221სმ.
653 ## - INDEX TERM--UNCONTROLLED
Uncontrolled term ხილისა და ყურძნის სტანდარტიზაცია.სახელმძღვ. სას.-სამ. ტექნიკუმებისათვის.
942 ## - ADDED ENTRY ELEMENTS (KOHA)
Koha item type წიგნი
ეგზემპლარები
Withdrawn status Lost status Damaged status Not for loan Date acquired Barcode Date last seen Price effective from Koha item type
        2018-12-17 20131 2018-12-17 2018-12-17 წიგნი
        2018-12-17 20130 2018-12-17 2018-12-17 წიგნი
        2018-12-17 20129 2018-12-17 2018-12-17 წიგნი
        2018-12-17 20128 2018-12-17 2018-12-17 წიგნი